| 000 | 00473nam 22001573 4500 | ||
|---|---|---|---|
| 001 | 32627 | ||
| 010 | _a978-972-8669-63-8 | ||
| 090 | _a32627 | ||
| 100 | _a20260324d u||y0pory50 ba | ||
| 101 | _apor | ||
| 200 |
_aPredictabilidade Sazonal de Secas _eAvaliação ao Nível Regional e Agrícola _fCarlos Alberto Leitão Pires _gLuís Santos Pereira |
||
| 210 |
_aLisboa _cIsaPress _d2015 |
||
| 215 |
_a332 p. _d23 cm |
||
| 606 |
_xMeteorologia Agrícola _923767 |
||
| 801 | _gISBD | ||
| 942 | _n0 | ||